00440nam a2200157Ia 4500082002000000100002300020245004100043260003900084300001000123504001900133650003800152650001800190650002500208700002400233700002500257 a303.40151 HAM-; aHamblin, Robert L. 0aMathematical theory of social change aNew YorkbWiley-Intersciencec1973 a237p. aIncludes index aSocial sciences - Data processing aSocial change aMathematical models  aMiller, Jerry L. L. aJacobsen, R. Brooke.